National Anthem of Finland (Swedish) - Vårt land - Statistics

General Stats
  • This quiz has been taken 6 times
  • The average score is 31 of 122
Answer Stats
Lyrics % Correct
land,
75%
vår
75%
Vår
75%
Ej
50%
ej
50%
fosterland,
50%
50%
Vårt
50%
vårt
50%
älskad
25%
än
25%
Än
25%
bygd
25%
dal,
25%
Din
25%
din
25%
Ditt
25%
ditt
25%
dyra
25%
en
25%
fäders
25%
himlens
25%
högre
25%
högt,
25%
höjd
25%
hopp.
25%
hopp,
25%
i
25%
jord.
25%
Ljud
25%
lyfts
25%
Mer
25%
mot
25%
nord,
25%
o
25%
opp
25%
ord!
25%
rand,
25%
sång.
25%
sänks
25%
Skall
25%
skall
25%
sköljs
25%
strand,
25%
våra
25%
blomning,
0%
fosterländska
0%
fröjd,
0%
gång
0%
glans,
0%
kärlek
0%
klinga
0%
knopp,
0%
ljus,
0%
mogna
0%
Och
0%
Se,
0%
sitt
0%
sluten
0%
tvång;
0%
ur
0%
No matching quizzes found
Score Distribution
Percent of People with Each Score
Percentile by Number Answered
Your Score History
You have not taken this quiz